| 000 | 00384nam a2200145Ia 4500 | ||
|---|---|---|---|
| 999 |
_c14186 _d14186 |
||
| 003 | OSt | ||
| 005 | 20260325124728.0 | ||
| 008 | 260210s9999 xx 000 0 und d | ||
| 020 | _a9781632408303 | ||
| 100 | _a Leon Hopkins | ||
| 245 | 0 | _aAnthropology: Understanding Societies and Human Behavior | |
| 260 |
_bClanrye International _c2019 |
||
| 300 | _a210 pages | ||
| 942 |
_cBPLAN _2ddc |
||